000 00656nam a2200217Ia 4500
001 4876
003 GE_BSU
008 181216s||||||||xx |||||||||||||| ||und||
040 _cGE_BSU
080 _a514.11(075.32)
100 _aАндреев. П.П.
245 _aКурс элементарной геометрии для техникумов
245 _bУчебник для техникумов.
245 _cРед.А.А. Глаголева
260 _aМОСКВА
260 _bГостехиздат
260 _c1955
300 _a266стр.20 см.
653 _aКурс элементарной геометрии
942 _cBK
999 _c38653
_d38653